000 01666nam0a2200409 4500
001 RU\NLR\bibl\1310088
005 20260405115218.0
010 _a978-5-386-00616-7
_93000
021 _aRU
_b2008-87654
_95118
035 _a(nilc)EL/0000220146
035 _aRSLA\BIBL\0000091095
035 _a(NLR Aleph) 001295551
090 _a586383
_c586383
100 _a20081002d2008 |||y0rusy50 ca
101 1 _arus
_cfre
102 _aRU
105 _ay |||||||||
200 1 _aПоследний сеанс Мэрилин
_dMarilyn dernières séances
_eзаписки личного психоаналитика
_eроман
_fМишель Шнайдер
_g[пер. с фр. Г. М. Сверской]
_zfre
210 _aМосква
_cРИПОЛ классик
_d2008
215 _a460, [1] с.
_d20
300 _aАвт. также на фр. яз.: Michel Schneider
510 1 _6z11790
_aMarilyn dernières séances
_zfre
600 1 _aМонро
_bМ.
_f1926 - 1962
_gМэрилин
_xв художественной литературе
_91601387
_3RU\NLR\auth\661003239
686 _a84(4Фра)6-44
_vLBC/RL
_2rubbk
686 _a85.374.3(7Сое)6-86Монро М.7
_2rubbk
686 _aШ6(4Фр)67-443{Лх1649-53}
686 _aЩ374.3(7США)6-86Монро
700 1 _aШнайдер
_bМ.
_gМишель
_4070
702 1 _4280
_8rus
_7ca
_aМонро
_bМ.
_f1926-1962
_gМэрилин
_3RU\NLR\AUTH\7745623
_928559
790 1 _6z11510
_aSchneider
_bM.
_gMichel
_4070
801 0 _aRU
_bРГБИ
_c20081002
_grcr
801 1 _aRU
_bРГБИ
_c20081002
801 2 _aRU
_bNLR
_c20081219
_grcr
942 _cBOOK
980 _aNB